000 00242nam a22001097a 4500
008 160519b xxu||||| |||| 00| 0 eng d
020 _a051753035X
041 _aeng
080 _a611
245 _aGray's anatomy:
_cHenry Gray;
942 _2udc
_cBK
999 _c2238
_d2238